000 01262nam a22002657a 4500
999 _c63674
_d63674
005 20251125233104.0
008 s2552 th ||||| |||| 00| 0 tha d
020 _a9789742356910
040 _aNALT
050 _aDS571 ว619ผ 2552
100 0 _aณัฐพล อยู่รุ่งเรืองศักดิ์, บรรณาธิการ
245 1 0 _aไผ่นอกกอ-ไผ่แตกกอ
260 3 _aกรุงเทพฯ :
_bศักดิโสภาการพิมพ์,
_c2552
300 _a1 เล่ม :
_b ตาราง ;
_c 21 ซม.
650 0 4 _aพิษณุโลก -- ประวัติศาสตร์
650 0 4 _aจีน -- อารยธรรม -- รวมเรื่อง
650 0 4 _aไทย -- ประวัติศาสตร์ -- ล้านนา
650 0 4 _aภาษาไทย -- การใช้ภาษา
650 0 4 _aพระพิมพ์ -- ตำนาน
650 0 4 _aไทย -- ประวัติศาสตร์ -- รวมเรื่อง
850 _aNALT
856 4 0 _uhttps://hdl.handle.net/20.500.14156/411681
_71
942 _cGB
_2lcc